|
|
|
|
| LEADER |
00000nta a2200000 i 4500 |
| 001 |
dolg4474 |
| 005 |
20160204140854.0 |
| 008 |
151211suuuu hu om 000 hun d |
| 040 |
|
|
|a BGE Dolgozattár Repozitórium
|b hun
|
| 041 |
|
|
|a hu
|
| 100 |
1 |
|
|a Bodri Tamás
|
| 245 |
1 |
0 |
|a Főiskolai hallgatók táplálkozási szokásai és fittségi jellemzői
|c Bodri Tamás
|h [elektronikus dokumentum]
|
| 246 |
1 |
1 |
|a Főiskolai hallgatók táplálkozási szokásai és fittségi jellemzői
|
| 695 |
|
|
|a táplálkozás
|
| 695 |
|
|
|a fittség
|
| 700 |
1 |
|
|a Lugasi Dr. habil. Andrea
|e ths
|
| 700 |
1 |
|
|a Lőkös Dr Dániel
|e ths
|
| 856 |
4 |
0 |
|u http://dolgozattar.uni-bge.hu/4474/1/v2_SZAKDOLGOZAT.pdf
|z Dokumentum-elérés
|